000 00774nam a2200253Ia 4500
003 OSt
005 20220927103615.0
006 a|||||r|||| 00| 0
007 ta
008 220926b |||||||| |||| 00| 0 eng d
024 _a110928
037 _cReference Collections
040 _aRTL
_cRTL
_beng
041 _2eng
_aeng
082 _a"X9(JB):89V, K3/UN"
110 _a"UN, Food and Agriculture Organization"
245 0 _aWorld Forest inventory inventaire forestiermondial inventario forestal mundial.
260 _aNew
_bYork FAO
_c1963
300 _a113p.
_ccm.
650 _aForesty Industry
_9360413
700 _a"UN, Food and Agriculture Organization"
942 _h"X9(JB):89V, K3/UN"
_cCC
999 _c684257
_d684257